MARC details
| 000 -CABECERA |
| campo de control de longitud fija |
05394nam a2200481Ia 4500 |
| 001 - NÚMERO DE CONTROL |
| campo de control |
dia_5213 |
| 003 - IDENTIFICADOR DEL NÚMERO DE CONTROL |
| campo de control |
CHAP |
| 005 - FECHA Y HORA DE LA ÚLTIMA TRANSACCIÓN |
| campo de control |
20240903183320.0 |
| 007 - CAMPO FIJO DE DESCRIPCIÓN FÍSICA--INFORMACIÓN GENERAL |
| campo de control de longitud fija |
ta |
| 008 - DATOS DE LONGITUD FIJA--INFORMACIÓN GENERAL |
| campo de control de longitud fija |
220117s2013 mx bdeofrm 001 0 spa d |
| 010 ## - NÚMERO DE CONTROL DE LA BIBLIOTECA DEL CONGRESO |
| Número de control de LC |
176113 |
| 040 ## - FUENTE DE LA CATALOGACIÓN |
| Centro/agencia transcriptor |
CHAP |
| Centro catalogador/agencia de origen |
mxchpua |
| Normas de descripción |
rda |
| 041 0# - CÓDIGO DE LENGUA |
| Código de lengua del texto/banda sonora o título independiente |
spa |
| Código de lengua del sumario o resumen |
eng |
| 090 ## - LOCALMENTE ASIGNADO TIPO-LC NÚMERO DE CLASIFICACIÓN (OCLC); NÚMERO DE CLASIFICACIÓN LOCAL (RLIN) |
| Número de clasificación (OCLC) (R) ; Numero de clasificación, CALL (RLIN) (NR) |
Tesis |
| Número cutter local (OCLC) ; Número de libro/Signatura topográfica íntegra, CALL (RLIN) |
G85 |
| año |
2013 |
| 100 1# - ENTRADA PRINCIPAL--NOMBRE DE PERSONA |
| Nombre de persona |
Guillén Guijosa, Yanet |
| 245 10 - MENCIÓN DE TÍTULO |
| Título |
Proyecto de inversión para el establecimiento de un rastro tipo Inspección Federal (TIF) de ganado bovino en Canatlán, Durango / |
| Mención de responsabilidad, etc. |
Yanet Guillén Guijosa y Santo Tomás Pérez Franco |
| 264 ## - PRODUCCIÓN, PUBLICACIÓN, DISTRIBUCIÓN, FABRICACIÓN Y COPYRIGHT |
| Producción, publicación, distribución, fabricación y copyright |
Chapingo, México : |
| Nombre del de productor, editor, distribuidor, fabricante |
El autor, |
| Fecha de producción, publicación, distribución, fabricación o copyright |
2013 |
| 300 ## - DESCRIPCIÓN FÍSICA |
| Extensión |
xiii, 96 hojas : |
| Otras características físicas |
mapas, gráficas, diagramas, tablas, fotos, planos + |
| Material acompañante/anejo |
1 CD-ROM |
| 336 ## - TIPO DE CONTENIDO |
| Fuente |
rdacontent |
| Término de tipo de contenido |
texto |
| Código de tipo de contenido |
txt |
| 337 ## - TIPO DE MEDIO |
| Fuente |
rdamedia |
| Nombre/término del tipo de medio |
no mediado |
| Código del tipo de medio |
n |
| 338 ## - TIPO DE SOPORTE |
| Fuente |
rdacarrier |
| Nombre/término del tipo de soporte |
volumen |
| Código del tipo de soporte |
nc |
| 500 ## - NOTA GENERAL |
| Nota general |
El CD contiene el reporte --<br/>Los planos están incluidos en el reporte |
| 502 ## - NOTA DE TESIS |
| Nota de tesis |
Formulación y Evaluación de Proyectos |
| Tipo de título |
(Ingeniero Agroindustrial) -- |
| Nombre de la institución que otorga el título |
UACh. Departamento de Ingeniería Agroindustrial, |
| Año de obtención del título |
2013 |
| 504 ## - NOTA DE BIBLIOGRAFÍA, ETC. |
| Nota de bibliografía, etc. |
Bibliografía: hojas 71-73 |
| 505 ## - NOTA DE CONTENIDO CON FORMATO |
| Nota de contenido con formato |
2 planos --<br/>1. Plano de distribución de áreas (Esc. 1:450) --<br/>2. Plano de distribución de equipo y recorrido (Esc. 1:450) |
| 520 3# - SUMARIO, ETC. |
| Sumario, etc. |
En el presente proyecto nos hemos enfocado al cumplimiento de las normas oficiales con las que debe cumplir un establecimiento para obtener la certificación TIF, haciendo uso de todos los recursos disponibles con los que cuenta el municipio de Canatlán, como la disposición de materia prima, la oferta y la demanda, factores que son la clave para el desarrollo exitoso de dicho proyecto. Uno de los principales factores que influyó sobre la elaboración del proyecto de inversión para el establecimiento de un rastro tipo inspección federal, fue la importancia que representa este sello en los productos cárnicos, el cual además de garantizar la inocuidad en los procesos de producción, abre las puertas del mercado nacional e internacional, creando así grandes oportunidades de crecimiento económico para este tipo de agroindustria. Se realizó el análisis de cada uno de los parámetros que comprenden un proyecto de inversión: análisis técnico, análisis de mercado y análisis financiero dentro del cual se refleja la rentabilidad del proyecto. Para la realización del presente proyecto se utilizó el guion para la elaboración de proyectos de inversión de SEDESOL, debido a que se solicitará el financiamiento a esta instancia del Gobierno Federal porque las comunidades beneficiadas están clasificadas con un alto grado de marginación. Los resultados obtenidos de este estudio muestran que es necesaria una inversión inicial de $5, 241, 509. 70 y al analizar su comportamiento en un horizonte de vida de diez años, los indicadores económicos fueron, la TIR de 31.08%, la VAN $8,454,710.98, y una R/C de $1.86, por lo que se concluye que la instalación y puesta en marcha de este proyecto es técnica, económica, social y ambientalmente factible. |
| 520 3# - SUMARIO, ETC. |
| Sumario, etc. |
In this project we have focused on compliance with the official rules you need to follow an establishment for TIF certification, making use of all the resources available to the municipality of Canatlán such as the provision of raw materials, the supply and demand, which are the key factors for the successful development of the project. One of the main factors that influenced on the development of the investment project for the establishment of a federally inspected trail was the importance that represents this label on meat products, which not only ensure safety in production processes, open the doors of the national and international market, creating great opportunities for economic growth in this type of agribusiness. Analysis was performed for each of the parameters comprising an investment project: technical analysis, market analysis and financial analysis within which reflects the profitability of the project. For the realization of this project is the script used for the preparation of investment projects SEDESOL, due to a request for funding to this instance of the Federal Government and that the beneficiary communities are classified with a high degree of marginalization. The results of this study show that it is required an initial investment of $5,241,509.70 and to analyze their behavior on a horizon of ten-year life, economic indicators were, the IRR of 31.08%, the NVP $8,454,710.98, and an R / C 1.86, so we conclude that the installation and commissioning of this project is technically, economically, socially and environmentally feasible. |
| 650 12 - PUNTO DE ACCESO ADICIONAL DE MATERIA--TÉRMINO DE MATERIA |
| Término de materia o nombre geográfico como elemento de entrada |
Mataderos |
| Subdivisión general |
Diseño y construcción |
| Subdivisión geográfica |
México |
| -- |
Durango |
| Fuente del encabezamiento o término |
atg |
| 650 13 - PUNTO DE ACCESO ADICIONAL DE MATERIA--TÉRMINO DE MATERIA |
| Término de materia o nombre geográfico como elemento de entrada |
Iniciativa empresarial |
| Subdivisión geográfica |
México |
| -- |
Durango |
| Fuente del encabezamiento o término |
atg |
| 650 13 - PUNTO DE ACCESO ADICIONAL DE MATERIA--TÉRMINO DE MATERIA |
| Término de materia o nombre geográfico como elemento de entrada |
Slaughterhouses |
| Subdivisión general |
Design and construction |
| Fuente del encabezamiento o término |
atg |
| Subdivisión geográfica |
Mexico |
| -- |
Durango |
| 650 13 - PUNTO DE ACCESO ADICIONAL DE MATERIA--TÉRMINO DE MATERIA |
| Término de materia o nombre geográfico como elemento de entrada |
Entrepreneurship |
| Subdivisión geográfica |
México |
| -- |
Durango |
| 700 1# - PUNTO DE ACCESO ADICIONAL--NOMBRE DE PERSONA |
| Nombre de persona |
Ponce Hernández, Pedro |
| Término indicativo de función/relación |
director |
| 700 1# - PUNTO DE ACCESO ADICIONAL--NOMBRE DE PERSONA |
| Nombre de persona |
Pérez Román, Arturo |
| Término indicativo de función/relación |
asesor |
| 700 1# - PUNTO DE ACCESO ADICIONAL--NOMBRE DE PERSONA |
| Nombre de persona |
Szymanski Duque, Rosa Guadalupe |
| Término indicativo de función/relación |
asesora |
| 856 41 - LOCALIZACIÓN Y ACCESO ELECTRÓNICOS |
| Identificador Uniforme del Recurso |
<a href="http://10.13.5.2/tesis/sist109321.pdf">http://10.13.5.2/tesis/sist109321.pdf</a> |
| Texto de enlace |
DESCARGAR PDF |
| 901 ## - ELEMENTOS DE DATOS A LOCAL LDA (RLIN) |
| a |
TESIS G85 2013 |
| 942 ## - ELEMENTOS DE PUNTO DE ACCESO ADICIONAL (KOHA) |
| Tipo de ítem Koha |
TESIS |
| Fuente del sistema de clasificación o colocación |
Clasificación Universidad Autónoma Chapingo |
| 902 ## - ELEMENTOS DE DATOS B LOCAL, LDB (RLIN) |
| a |
M |
| 905 ## - ELEMENTOS DE DATOS E LOCAL, LDE (RLIN) |
| a |
5232272013 mx aenl8222223322spa16 |